1030 1581 1109 1137 1613 1495 1090 1390 1534 1282 1090 1032 1601 1962 1112 1276 1813 1103 1066 1102 1880 1410 1088 1040 1653 1257 1994 1442 1761 1008 1901 1015 1143 1637 1361 1890 1336 1211 1101 1045 1576 1497 1592 1164 1342 1225 1458 1957 1361 1811 1331 1963 1001 1090 1426 1857 1438 1571 1293 1383 1908 1879 1850 1966 1427 1933 1477 1424 1068 1581 1651 1497 1793 1120 1802 1722 1111 1073 1435 1171 1816 1620 1999 1771 1559 1563 1790 1299 1126 1669 1922 1637 1991 1995 1751 1287 1270 1859 1951 BCNSPRNW ULIB Ver.6.0+V

เปลี่ยนเป็นภาษาไทย

Change to English
 แสดงรายละเอียดบรรณานุกรม
  กลับหน้าหลัก

Brief Record : Get Marc (ISO 2709) : E-mail record : QR code < ปิดหน้าต่าง
LEADER : 00000nam 2200000uu 4500
001    13399121059
003     ULIB
008    020711s2545 th a 000 0 tha d
050  4 HM^bส691ส
110    สำนักงานคณะกรรมการการสาธารณสุขมูลฐาน
245    สิทธิ หน้าที่ พลเมือง : ระบบสุขภาพภาคประชาชน /^cสำนักงานคณะกรรมการการสาธารณสุขมูลฐาน
250    พิมพ์ครั้งที่ 4
260    นนทบุรี :^bสำนักงานคณะกรรมการการสาธารณสุขมูลฐาน,^c2545
300    48 หน้า
650    ระบบสุขภาพภาคประชาชน
945    ^p0^l0^i11522
945    ^p0^l0^i11523
945    ^p0^l0^i11524
945    ^p0^l0^i11525
945    ^p0^l0^i11530
999    ^aทศพร เกษรทอง
รายการนี้ยังไม่มีแท็ก
คุณยังไม่ได้ล็อกอิน คุณสามารถมีกิจกรรมร่วมกับเว็บไซต์ได้ แต่ต้องล็อกอินก่อน ::
  ล็อกอิน

รายการสื่อสารสนเทศ

ลำดับที่ ประเภท เลขเรียก/บาร์โค้ด สถานที่ สถานะ
1. วิทยาศาสตร์การแพทย์ และสุขภาพ
วิทยาศาสตร์การแพทย์ และสุขภาพ
HM ส691ส ฉ.1 
  Barcode: 11522
ห้องสมุดวิทยาเขตสวรรค์ประชารักษ์
►หนังสือทั่วไป
บนชั้น
2. วิทยาศาสตร์การแพทย์ และสุขภาพ
วิทยาศาสตร์การแพทย์ และสุขภาพ
HM ส691ส ฉ.2 
  Barcode: 11523
ห้องสมุดวิทยาเขตสวรรค์ประชารักษ์
►หนังสือทั่วไป
บนชั้น
3. วิทยาศาสตร์การแพทย์ และสุขภาพ
วิทยาศาสตร์การแพทย์ และสุขภาพ
HM ส691ส ฉ.3 
  Barcode: 11524
ห้องสมุดวิทยาเขตสวรรค์ประชารักษ์
►หนังสือทั่วไป
บนชั้น
4. วิทยาศาสตร์การแพทย์ และสุขภาพ
วิทยาศาสตร์การแพทย์ และสุขภาพ
HM ส691ส ฉ.4 
  Barcode: 11525
ห้องสมุดวิทยาเขตสวรรค์ประชารักษ์
►หนังสือทั่วไป
บนชั้น
5. วิทยาศาสตร์การแพทย์ และสุขภาพ
วิทยาศาสตร์การแพทย์ และสุขภาพ
HM ส691ส ฉ.5 
  Barcode: 11530
ห้องสมุดวิทยาเขตสวรรค์ประชารักษ์
►หนังสือทั่วไป
บนชั้น

BibComment


ยังไม่เคยถูกคอมเมนท์

คอมเมนท์ทรัพยากรรายการนี้
  คอมเมนท์: สิทธิ หน้าที่ พลเ..


 Copyright 2026. Bcnsprnw @Library